<?xml version="1.0" encoding="UTF-8"?>
<record
    xmlns:xsi="http://www.w3.org/2001/XMLSchema-instance"
    xsi:schemaLocation="http://www.loc.gov/MARC21/slim http://www.loc.gov/standards/marcxml/schema/MARC21slim.xsd"
    xmlns="http://www.loc.gov/MARC21/slim">

  <leader>01924nam a22003017a 4500</leader>
  <controlfield tag="003">DO-SdBNP</controlfield>
  <controlfield tag="005">20240412074308.0</controlfield>
  <controlfield tag="007">ta</controlfield>
  <controlfield tag="008">201203b 2000 dr 00| 0 eng d</controlfield>
  <datafield tag="020" ind1=" " ind2=" ">
    <subfield code="a">9993420085</subfield>
  </datafield>
  <datafield tag="040" ind1=" " ind2=" ">
    <subfield code="a">DO-SdBNP</subfield>
    <subfield code="b">spa</subfield>
    <subfield code="c">BNPHU</subfield>
  </datafield>
  <datafield tag="082" ind1=" " ind2="4">
    <subfield code="a">BNPHU RD863.4408</subfield>
  </datafield>
  <datafield tag="111" ind1="1" ind2=" ">
    <subfield code="a">Concurso Literatura &#xA8;Por Nuestro Pa&#xED;s Primero&#xA8;</subfield>
    <subfield code="d">(2000 :</subfield>
    <subfield code="c">Puerto Plata)</subfield>
    <subfield code="9">55417</subfield>
  </datafield>
  <datafield tag="245" ind1="1" ind2="0">
    <subfield code="a">Otros cuentos puertoplate&#xF1;os :</subfield>
    <subfield code="b">(antolog&#xED;a) /</subfield>
    <subfield code="c">presentaci&#xF3;n Lilian Russo de Cueto ; pr&#xF3;logo Di&#xF3;genes Valdez.</subfield>
  </datafield>
  <datafield tag="260" ind1=" " ind2=" ">
    <subfield code="a">Santo Domingo :</subfield>
    <subfield code="b">Ediciones Renovaci&#xF3;n,</subfield>
    <subfield code="c">2001</subfield>
  </datafield>
  <datafield tag="300" ind1=" " ind2=" ">
    <subfield code="a">125 p. ;</subfield>
    <subfield code="c">22 cm.</subfield>
  </datafield>
  <datafield tag="490" ind1="1" ind2=" ">
    <subfield code="a">"Por nuestro pa&#xED;s primero."</subfield>
  </datafield>
  <datafield tag="505" ind1="0" ind2=" ">
    <subfield code="t">El compromiso de la firma Brugal &amp; Co C. por A. /</subfield>
    <subfield code="r">Osvaldo Brugal Limardo --</subfield>
    <subfield code="g">Presentaci&#xF3;n /</subfield>
    <subfield code="r">Lilian Russo de Cueto --</subfield>
    <subfield code="t">Pr&#xF3;logo /</subfield>
    <subfield code="r">Di&#xF3;genes Valdez --</subfield>
    <subfield code="t">El sue&#xF1;o del General /</subfield>
    <subfield code="r">Franklin &#xC1;lvarez --</subfield>
    <subfield code="t">La venganza de Margarita Moreno/</subfield>
    <subfield code="r">Franklin &#xC1;lvarez --</subfield>
    <subfield code="t">Una noche cualquiera de un s&#xE1;bado de diciembre /</subfield>
    <subfield code="r">Franklin &#xC1;lvarez --</subfield>
    <subfield code="t">Encuentro /</subfield>
    <subfield code="r">Wady Musa --</subfield>
    <subfield code="t">"T&#xF3;melo usted" /</subfield>
    <subfield code="r">Nelson Mercedes Sandoval --</subfield>
    <subfield code="t">&#xDA;ltima visi&#xF3;n de la t&#xED;a Antonia /</subfield>
    <subfield code="r">Silvio O. Jerez --</subfield>
    <subfield code="t">El h&#xE9;roe ausente /</subfield>
    <subfield code="r">Aglae Echavarr&#xED;a --</subfield>
    <subfield code="t">Brevedad /</subfield>
    <subfield code="r">Johana Goede --</subfield>
    <subfield code="t">La estrategia del General /</subfield>
    <subfield code="r">Luis Lorenzo Marmolejos --</subfield>
    <subfield code="t">El abuelo /</subfield>
    <subfield code="r">Andr&#xE9;s Ulloa --</subfield>
    <subfield code="t">Las doce menos cuarto /</subfield>
    <subfield code="r">Luis Lorenzo Marmolejos --</subfield>
    <subfield code="t">La mejor /</subfield>
    <subfield code="r">Dennis Alexander Ripoll Cid --</subfield>
    <subfield code="t">La dignidad /</subfield>
    <subfield code="r">Ram&#xF3;n Pe&#xF1;a --</subfield>
    <subfield code="t">Celos /</subfield>
    <subfield code="r">Aglae Echavarr&#xED;a --</subfield>
    <subfield code="t">Un amargo recuerdo /</subfield>
    <subfield code="r">Aglae Echavarr&#xED;a --</subfield>
    <subfield code="t">Pasi&#xF3;n in&#xFA;til /</subfield>
    <subfield code="r">Dennis Alexander Ripol Cid.</subfield>
  </datafield>
  <datafield tag="590" ind1=" " ind2=" ">
    <subfield code="a">Inventariado, 2020/VM</subfield>
  </datafield>
  <datafield tag="590" ind1=" " ind2=" ">
    <subfield code="a">Inventariado, 2020/LP</subfield>
  </datafield>
  <datafield tag="650" ind1="1" ind2="4">
    <subfield code="a">Cuentos dominicanos</subfield>
    <subfield code="v">Colecciones </subfield>
    <subfield code="9">146</subfield>
  </datafield>
  <datafield tag="650" ind1="1" ind2="4">
    <subfield code="a">Cert&#xE1;menes literarios</subfield>
    <subfield code="9">1541</subfield>
  </datafield>
  <datafield tag="650" ind1="1" ind2="0">
    <subfield code="a">Literatura dominicana.</subfield>
    <subfield code="9">67</subfield>
  </datafield>
  <datafield tag="700" ind1="1" ind2="2">
    <subfield code="a">Valdez, Di&#xF3;genes,</subfield>
    <subfield code="d">1941-,</subfield>
    <subfield code="e">pr&#xF3;logo </subfield>
    <subfield code="9">20511</subfield>
  </datafield>
  <datafield tag="830" ind1=" " ind2="0">
    <subfield code="a">"Por nuestro pa&#xED;s primero."</subfield>
    <subfield code="9">77505</subfield>
  </datafield>
  <datafield tag="910" ind1=" " ind2=" ">
    <subfield code="a">Validado. Control de la calidad EMS</subfield>
  </datafield>
  <datafield tag="942" ind1=" " ind2=" ">
    <subfield code="2">ddc</subfield>
    <subfield code="c">LBS1</subfield>
  </datafield>
  <datafield tag="952" ind1=" " ind2=" ">
    <subfield code="0">0</subfield>
    <subfield code="1">0</subfield>
    <subfield code="2">ddc</subfield>
    <subfield code="7">1</subfield>
    <subfield code="8">MO</subfield>
    <subfield code="a">BNPHU</subfield>
    <subfield code="b">PD</subfield>
    <subfield code="c">HD</subfield>
    <subfield code="d">2020-12-03</subfield>
    <subfield code="e">Nieves L. Emeterio Rond&#xF3;n </subfield>
    <subfield code="l">0</subfield>
    <subfield code="o">BNPHU PD RD863.4408 C744o</subfield>
    <subfield code="r">2020-12-03</subfield>
    <subfield code="w">2020-12-03</subfield>
    <subfield code="y">LBS1</subfield>
  </datafield>
  <datafield tag="952" ind1=" " ind2=" ">
    <subfield code="0">0</subfield>
    <subfield code="1">0</subfield>
    <subfield code="2">ddc</subfield>
    <subfield code="7">1</subfield>
    <subfield code="8">MO</subfield>
    <subfield code="a">BNPHU</subfield>
    <subfield code="b">PD</subfield>
    <subfield code="c">HD</subfield>
    <subfield code="d">2021-09-15</subfield>
    <subfield code="e">Compra</subfield>
    <subfield code="l">0</subfield>
    <subfield code="o">BNPHU PD BNPHU RD863.4408</subfield>
    <subfield code="p">2021-26610</subfield>
    <subfield code="r">2021-09-15</subfield>
    <subfield code="t">e.2</subfield>
    <subfield code="w">2021-09-15</subfield>
    <subfield code="y">LBS1</subfield>
  </datafield>
  <datafield tag="952" ind1=" " ind2=" ">
    <subfield code="0">0</subfield>
    <subfield code="1">0</subfield>
    <subfield code="2">ddc</subfield>
    <subfield code="7">5</subfield>
    <subfield code="8">MO</subfield>
    <subfield code="a">BNPHU</subfield>
    <subfield code="b">DO</subfield>
    <subfield code="c">CT</subfield>
    <subfield code="d">2021-09-15</subfield>
    <subfield code="e">Compra</subfield>
    <subfield code="l">0</subfield>
    <subfield code="o">BNPHU  DS RD863.4408</subfield>
    <subfield code="p">2021-26612</subfield>
    <subfield code="r">2021-09-15</subfield>
    <subfield code="t">e.3</subfield>
    <subfield code="w">2021-09-15</subfield>
    <subfield code="y">LBS1</subfield>
  </datafield>
  <datafield tag="952" ind1=" " ind2=" ">
    <subfield code="0">0</subfield>
    <subfield code="1">0</subfield>
    <subfield code="2">ddc</subfield>
    <subfield code="7">5</subfield>
    <subfield code="8">MO</subfield>
    <subfield code="a">BNPHU</subfield>
    <subfield code="b">DO</subfield>
    <subfield code="c">CT</subfield>
    <subfield code="d">2021-09-15</subfield>
    <subfield code="e">Compra</subfield>
    <subfield code="l">0</subfield>
    <subfield code="o">BNPHU RDS D863.4408</subfield>
    <subfield code="p">2021-26613</subfield>
    <subfield code="r">2021-09-15</subfield>
    <subfield code="t">e.4</subfield>
    <subfield code="w">2021-09-15</subfield>
    <subfield code="y">LBS1</subfield>
  </datafield>
  <datafield tag="952" ind1=" " ind2=" ">
    <subfield code="0">0</subfield>
    <subfield code="1">0</subfield>
    <subfield code="2">ddc</subfield>
    <subfield code="7">5</subfield>
    <subfield code="8">MO</subfield>
    <subfield code="a">BNPHU</subfield>
    <subfield code="b">DO</subfield>
    <subfield code="c">CT</subfield>
    <subfield code="d">2021-09-15</subfield>
    <subfield code="e">Compra</subfield>
    <subfield code="l">0</subfield>
    <subfield code="o">BNPHU  DS RD863.4408</subfield>
    <subfield code="p">2021-26614</subfield>
    <subfield code="r">2021-09-15</subfield>
    <subfield code="t">e.5</subfield>
    <subfield code="w">2021-09-15</subfield>
    <subfield code="y">LBS1</subfield>
  </datafield>
  <datafield tag="999" ind1=" " ind2=" ">
    <subfield code="c">49233</subfield>
    <subfield code="d">49233</subfield>
  </datafield>
</record>
